000 00241nam a2200085Ia 4500
008 170620s9999 xx 000 0 und d
100 _aFox- Charles
245 0 _aEducational Psychology- It`s Problems and Methods
260 _bNew Delhi- Sonali Publication
260 _c2004
999 _c24340
_d24340